[Event "CZE-chT2e 0607"]
[Site "Czech Republic"]
[Date "2006.12.03"]
[Round "4.2"]
[White "Mista, Ladislav"]
[Black "Hodovsky, Jiri"]
[Result "1/2-1/2"]
[WhiteElo "2173"]
[BlackElo "2127"]
[PlyCount "28"]
[EventDate "2006.10.15"]
[EventType "team"]
[EventRounds "11"]
[EventCountry "CZE"]
[SourceTitle "EXT 2009"]
[Source "ChessBase"]
[SourceDate "2008.11.26"]
[SourceVersion "1"]
[SourceVersionDate "2008.11.26"]
[SourceQuality "1"]

1. d4 d5 2. c4 c6 3. cxd5 cxd5 4. Nc3 Nc6 5. Bf4 e6 6. e3 Bd6 7. Bg3 a6 8. Nf3 Nge7 9. Bd3 f5 10. Ne5 Nxe5 11. dxe5 Bb4 12. 0-0 Bd7 13. Ne2 0-0 14. f4 Qb6 1/2-1/2

[Event "CZE-chT2e 0607"]
[Site "Czech Republic"]
[Date "2006.10.15"]
[Round "1.2"]
[White "Mista, Ladislav"]
[Black "Neoral, Antonin"]
[Result "1/2-1/2"]
[WhiteElo "2173"]
[BlackElo "2143"]
[PlyCount "24"]
[EventDate "2006.10.15"]
[EventType "team"]
[EventRounds "11"]
[EventCountry "CZE"]
[SourceTitle "EXT 2009"]
[Source "ChessBase"]
[SourceDate "2008.11.26"]
[SourceVersion "1"]
[SourceVersionDate "2008.11.26"]
[SourceQuality "1"]

1. e4 c5 2. c3 d5 3. exd5 Qxd5 4. d4 Nc6 5. Be3 cxd4 6. cxd4 e6 7. Nf3 Bb4+ 8. Nc3 Nge7 9. a3 Bxc3+ 10. bxc3 b6 11. Be2 Bb7 12. 0-0 Rd8 1/2-1/2

[Event "CZE-chT1 East 0506"]
[Site "Czech Republic"]
[Date "2006.03.19"]
[Round "10.7"]
[White "Kulovana, Eva"]
[Black "Mista, Ladislav"]
[Result "1-0"]
[WhiteElo "2131"]
[BlackElo "2215"]
[PlyCount "129"]
[EventDate "2005.10.23"]
[EventType "team"]
[EventRounds "11"]
[EventCountry "CZE"]
[SourceTitle "EXT 2008"]
[Source "ChessBase"]
[SourceDate "2007.11.25"]
[SourceVersion "1"]
[SourceVersionDate "2007.11.25"]
[SourceQuality "1"]

1. e4 c5 2. Nf3 Nc6 3. d4 cxd4 4. Nxd4 Qc7 5. Nc3 e6 6. f4 d6 7. Be3 Nf6 8. Qf3 a6 9. Bd3 e5 10. Nxc6 bxc6 11. fxe5 dxe5 12. 0-0 Rb8 13. Bc4 Rxb2 14. Bb3 Bg4 15. Qg3 Be6 16. Bc1 Bxb3 17. Bxb2 Bxc2 18. Rac1 Nxe4 19. Nxe4 Bxe4 20. Bxe5 Qb6+ 21. Kh1 f5 22. Bxg7 Rg8 23. Qe5+ Be7 24. Rxf5 Bxf5 25. Bf6 Qb7 26. Bxe7 Qxe7 27. Qxf5 Rg6 28. Qc8+ Kf7 29. Qxa6 Kg7 30. Rf1 Rf6 31. Rxf6 Qxf6 32. Qa7+ Kg6 33. h3 Qf1+ 34. Qg1 Qd3 35. Qf2 h5 36. h4 c5 37. Qxc5 Qf1+ 38. Kh2 Qf4+ 39. g3 Qd2+ 40. Kh3 Qd7+ 41. Kg2 Qd2+ 42. Qf2 Qd5+ 43. Kh2 Qa5 44. Qc2+ Kf6 45. a4 Kg7 46. Qb2+ Kf7 47. Qb7+ Kg6 48. Qe4+ Kf6 49. Qf4+ Ke6 50. Qg5 Qxa4 51. Qxh5 Qc2+ 52. Kh3 Qf2 53. Qg4+ Ke7 54. Qe4+ Kd7 55. h5 Qf1+ 56. Kg4 Qd1+ 57. Kh4 Qd2 58. g4 Qh2+ 59. Kg5 Qd2+ 60. Kg6 Qd6+ 61. Kg7 Kd8 62. g5 Qd7+ 63. Kf6 Qd6+ 64. Qe6 Qf4+ 65. Kg6 1-0

[Event "CZE-chT1 East 0506"]
[Site "Czech Republic"]
[Date "2006.03.05"]
[Round "9.7"]
[White "Splichal, Stanislav"]
[Black "Mista, Ladislav"]
[Result "1-0"]
[WhiteElo "2206"]
[BlackElo "2215"]
[PlyCount "97"]
[EventDate "2005.10.23"]
[EventType "team"]
[EventRounds "11"]
[EventCountry "CZE"]
[SourceTitle "EXT 2008"]
[Source "ChessBase"]
[SourceDate "2007.11.25"]
[SourceVersion "1"]
[SourceVersionDate "2007.11.25"]
[SourceQuality "1"]

1. Nf3 g6 2. g3 Bg7 3. Bg2 e5 4. d3 d6 5. c4 Nf6 6. Nc3 0-0 7. 0-0 Nc6 8. Rb1 a5 9. a3 Bd7 10. b4 axb4 11. axb4 Qc8 12. Nd5 Nxd5 13. cxd5 Ne7 14. e4 Bh3 15. Bg5 f6 16. Bd2 Bxg2 17. Kxg2 h6 18. Qc2 Qd7 19. Ra1 f5 20. Rxa8 Rxa8 21. Rc1 c6 22. dxc6 bxc6 23. h3 Qe6 24. Rb1 d5 25. b5 dxe4 26. dxe4 Ra2 27. Qd3 cxb5 28. Rxb5 fxe4 29. Qxe4 Kh7 30. Rb7 Qc6 31. Qxc6 Nxc6 32. Bc3 Kg8 33. Rb6 e4 34. Bxg7 exf3+ 35. Kxf3 Kxg7 36. Rxc6 h5 37. h4 Kf7 38. Ke3 Kg7 39. Rd6 Rb2 40. f3 Ra2 41. Ke4 Ra4+ 42. Rd4 Ra1 43. Kf4 Rf1 44. Rd6 Ra1 45. Re6 Kf7 46. Re4 Rf1 47. Rb4 Kf6 48. Rb6+ Kg7 49. Kg5 1-0

[Event "CZE-chT2e 0506"]
[Site "Czech Republic"]
[Date "2005.12.04"]
[Round "4.1"]
[White "Jurcik, Marian"]
[Black "Mista, Ladislav"]
[Result "1-0"]
[WhiteElo "2299"]
[BlackElo "2215"]
[PlyCount "83"]
[EventDate "2005.10.16"]
[EventType "team"]
[EventRounds "11"]
[EventCountry "CZE"]
[SourceTitle "EXT 2008"]
[Source "ChessBase"]
[SourceDate "2007.11.25"]
[SourceVersion "1"]
[SourceVersionDate "2007.11.25"]
[SourceQuality "1"]

1. e4 c5 2. Nc3 e6 3. Nge2 Nc6 4. d4 cxd4 5. Nxd4 Qc7 6. Be3 a6 7. Bd3 Nf6 8. 0-0 Be7 9. f4 d6 10. Qf3 Bd7 11. Rae1 0-0 12. Qg3 Kh8 13. Nf3 Nb4 14. a3 Nxd3 15. cxd3 Bc6 16. Nd4 Rg8 17. Rc1 Rac8 18. Nxc6 bxc6 19. b4 a5 20. b5 cxb5 21. Nxb5 Qd7 22. a4 Rxc1 23. Rxc1 Rc8 24. Qe1 Rxc1 25. Qxc1 Bd8 26. h3 h6 27. Qc3 Kg8 28. Qd4 d5 29. e5 Ne8 30. Qa7 Qxa7 31. Nxa7 f6 32. Nc6 Bc7 33. Bd2 g5 34. fxg5 hxg5 35. exf6 Nxf6 36. Bxg5 Nd7 37. Bd2 Nc5 38. Bxa5 Bg3 39. d4 Nxa4 40. Nd8 e5 41. Bc7 Kf8 42. Bxe5 1-0

[Event "CZE-chT2e 0506"]
[Site "Czech Republic"]
[Date "2005.11.20"]
[Round "3.2"]
[White "Bosak, Jan"]
[Black "Mista, Ladislav"]
[Result "1/2-1/2"]
[WhiteElo "2229"]
[BlackElo "2215"]
[PlyCount "31"]
[EventDate "2005.10.16"]
[EventType "team"]
[EventRounds "11"]
[EventCountry "CZE"]
[SourceTitle "EXT 2008"]
[Source "ChessBase"]
[SourceDate "2007.11.25"]
[SourceVersion "1"]
[SourceVersionDate "2007.11.25"]
[SourceQuality "1"]

1. e4 c5 2. Nf3 Nc6 3. d4 cxd4 4. Nxd4 Nf6 5. Nc3 d6 6. Bc4 Qb6 7. Nb3 e6 8. 0-0 a6 9. Bf4 Qc7 10. Re1 Be7 11. Qd2 0-0 12. f3 Ne5 13. Bf1 Bd7 14. Rad1 Rac8 15. Bg5 b5 16. f4 1/2-1/2

[Event "CZE-chT2e 0405"]
[Site "Czech Republic"]
[Date "2005.02.20"]
[Round "8.3"]
[White "Hrubes, Pavel"]
[Black "Mista, Ladislav"]
[Result "1/2-1/2"]
[WhiteElo "2130"]
[BlackElo "2214"]
[PlyCount "42"]
[EventDate "2004.10.17"]
[EventType "team"]
[EventRounds "11"]
[EventCountry "CZE"]
[SourceTitle "EXT 2007"]
[Source "ChessBase"]
[SourceDate "2006.11.23"]
[SourceVersion "1"]
[SourceVersionDate "2006.11.23"]
[SourceQuality "1"]

1. c4 g6 2. Nc3 Bg7 3. g3 Nf6 4. e4 d6 5. Bg2 0-0 6. Nge2 e5 7. 0-0 Nc6 8. h3 Nh5 9. d3 f5 10. f4 Rb8 11. Kh2 a6 12. Be3 Bd7 13. Rc1 exf4 14. Nxf4 Nxf4 15. Bxf4 Nd4 16. Qd2 fxe4 17. dxe4 Ne6 18. Bh6 Bxh6 19. Qxh6 Qg5 20. Qxg5 Nxg5 21. Nd5 Rxf1 1/2-1/2

[Event "CZE-chT2e 0405"]
[Site "Czech Republic"]
[Date "2005.02.06"]
[Round "7.3"]
[White "Mista, Ladislav"]
[Black "Opravil, Karel"]
[Result "1-0"]
[WhiteElo "2214"]
[BlackElo "2120"]
[PlyCount "59"]
[EventDate "2004.10.17"]
[EventType "team"]
[EventRounds "11"]
[EventCountry "CZE"]
[SourceTitle "EXT 2007"]
[Source "ChessBase"]
[SourceDate "2006.11.23"]
[SourceVersion "1"]
[SourceVersionDate "2006.11.23"]
[SourceQuality "1"]

1. e4 c5 2. Nf3 e6 3. d4 cxd4 4. Nxd4 Qb6 5. Nb3 Qc7 6. Nc3 a6 7. Bd3 Nf6 8. 0-0 b5 9. a3 Bb7 10. Re1 Nc6 11. f4 d6 12. Qe2 Be7 13. Bd2 0-0 14. Rac1 g6 15. Kh1 Rfe8 16. Rf1 Bf8 17. Qf2 Bg7 18. Qh4 d5 19. exd5 Nxd5 20. f5 Nxc3 21. fxg6 hxg6 22. Bxc3 Bxc3 23. bxc3 Ne7 24. Qf6 Nd5 25. Qg5 Qe7 26. Qg3 Rac8 27. Rce1 Rxc3 28. Qg4 Kg7 29. Nd4 Rh8 30. Rxe6 1-0

[Event "CZE-chT2e 0405"]
[Site "Czech Republic"]
[Date "2005.01.16"]
[Round "6.3"]
[White "Fuksik, Jakub"]
[Black "Mista, Ladislav"]
[Result "1-0"]
[WhiteElo "2211"]
[BlackElo "2214"]
[PlyCount "70"]
[EventDate "2004.10.17"]
[EventType "team"]
[EventRounds "11"]
[EventCountry "CZE"]
[SourceTitle "EXT 2007"]
[Source "ChessBase"]
[SourceDate "2006.11.23"]
[SourceVersion "1"]
[SourceVersionDate "2006.11.23"]
[SourceQuality "1"]

1. e4 g6 2. d4 Bg7 3. Nc3 d6 4. Be3 a6 5. Qd2 Nd7 6. Bc4 e6 7. 0-0-0 b5 8. Bb3 Bb7 9. f3 c5 10. a3 Rc8 11. h4 h5 12. Nh3 Ngf6 13. d5 e5 14. Rdg1 Qe7 15. Ne2 c4 16. Ba2 Nc5 17. Ng5 Nb3+ 18. cxb3 cxb3+ 19. Kb1 bxa2+ 20. Kxa2 0-0 21. g4 Rc4 22. gxh5 Nxh5 23. Ng3 Nxg3 24. Rxg3 Qc7 25. Rg2 Rc8 26. Kb1 b4 27. axb4 Rb8 28. h5 Bc8 29. hxg6 fxg6 30. Qe1 Rcxb4 31. Qh4 Qc3 32. Bc1 Qd3+ 33. Rc2 Rc4 34. Rhh2 Rxc2 35. Rxc2 Bd7 1-0

[Event "CZE-chTV 0001"]
[Site "Czech Republic"]
[Date "2001.??.??"]
[Round "1"]
[White "Hala, Bohumil"]
[Black "Mista, Ladislav"]
[Result "1/2-1/2"]
[WhiteElo "2275"]
[BlackElo "2275"]
[PlyCount "33"]
[EventDate "2000.??.??"]
[EventType "team"]
[EventRounds "11"]
[EventCountry "CZE"]
[SourceTitle "EXT 2003"]
[Source "ChessBase"]
[SourceDate "2002.11.25"]
[SourceVersion "1"]
[SourceVersionDate "2002.11.25"]
[SourceQuality "1"]

1. e4 c5 2. Nf3 e6 3. c3 d5 4. exd5 exd5 5. d4 Nf6 6. Be2 Nc6 7. 0-0 Bd6 8. dxc5 Bxc5 9. Nbd2 0-0 10. Nb3 Bb6 11. Bg5 Re8 12. Nbd4 h6 13. Bh4 Bg4 14. Re1 Nxd4 15. cxd4 Re4 16. Qb3 Bxf3 17. Bxf6 1/2-1/2

[Event "CZE-chTV 0001"]
[Site "Czech Republic"]
[Date "2001.??.??"]
[Round "1"]
[White "Sabol, Marian"]
[Black "Mista, Ladislav"]
[Result "0-1"]
[WhiteElo "2310"]
[BlackElo "2275"]
[PlyCount "78"]
[EventDate "2000.??.??"]
[EventType "team"]
[EventRounds "11"]
[EventCountry "CZE"]
[SourceTitle "EXT 2003"]
[Source "ChessBase"]
[SourceDate "2002.11.25"]
[SourceVersion "1"]
[SourceVersionDate "2002.11.25"]
[SourceQuality "1"]

1. e4 c5 2. c3 d5 3. exd5 Qxd5 4. d4 Nf6 5. Nf3 e6 6. Be2 Be7 7. 0-0 0-0 8. Be3 cxd4 9. cxd4 Nc6 10. Nc3 Qa5 11. a3 Nd5 12. Rc1 Rd8 13. Bc4 Bd7 14. Ne4 Be8 15. Qd3 Nxe3 16. fxe3 Qh5 17. b4 b5 18. Bb3 a5 19. Rc5 Bxc5 20. bxc5 Ne5 21. Nxe5 Qxe5 22. Bc2 Qh5 23. Nd6 Rxd6 24. cxd6 Rd8 25. Rf3 Qh4 26. Qc3 g6 27. Rh3 Qf6 28. e4 Qf4 29. e5 Qc1+ 30. Kf2 Bd7 31. Be4 Qf4+ 32. Qf3 Qd2+ 33. Kg3 Rc8 34. Bd3 Rc3 35. Kg4 h5+ 36. Kh4 Rxd3 37. Qf6 Rxd4+ 38. Kg3 Rg4+ 39. Kf3 Bc6# 0-1

[Event "CZE-chT2a 0001"]
[Site "Czech Republic"]
[Date "2001.??.??"]
[Round "9"]
[White "Znamenacek, Kvetoslav"]
[Black "Mista, Ladislav"]
[Result "1-0"]
[WhiteElo "2280"]
[BlackElo "2275"]
[PlyCount "57"]
[EventDate "2000.??.??"]
[EventType "team"]
[EventRounds "11"]
[EventCountry "CZE"]
[SourceTitle "EXT 2003"]
[Source "ChessBase"]
[SourceDate "2002.11.25"]
[SourceVersion "1"]
[SourceVersionDate "2002.11.25"]
[SourceQuality "1"]

1. Nf3 Nf6 2. c4 g6 3. g3 Bg7 4. Bg2 0-0 5. 0-0 Nc6 6. d4 d6 7. Nc3 a6 8. d5 Na5 9. Nd2 c5 10. Qc2 Rb8 11. b3 b5 12. Rb1 e6 13. Bb2 exd5 14. cxd5 Bd7 15. Rfe1 b4 16. Nd1 Bb5 17. e4 Re8 18. Ne3 Nd7 19. Bxg7 Kxg7 20. f4 Qf6 21. e5 dxe5 22. Ne4 Qb6 23. f5 c4 24. Kh1 cxb3 25. axb3 Rbc8 26. Qd2 Qd4 27. f6+ Nxf6 28. Nf5+ gxf5 29. Qg5+ 1-0

[Event "CZE-chTV 0001"]
[Site "Czech Republic"]
[Date "2000.??.??"]
[Round "1"]
[White "Hala, Bohumil"]
[Black "Mista, Ladislav"]
[Result "1/2-1/2"]
[WhiteElo "2240"]
[BlackElo "2310"]
[PlyCount "82"]
[EventDate "2000.??.??"]
[EventType "team"]
[EventRounds "11"]
[EventCountry "CZE"]
[SourceTitle "EXT 2003"]
[Source "ChessBase"]
[SourceDate "2002.11.25"]
[SourceVersion "1"]
[SourceVersionDate "2002.11.25"]
[SourceQuality "1"]

1. e4 c5 2. c3 d5 3. exd5 Qxd5 4. d4 Nf6 5. Nf3 e6 6. Be2 Be7 7. Na3 0-0 8. Nb5 Na6 9. 0-0 Qd8 10. Ne5 cxd4 11. Nxd4 Nd7 12. Bxa6 Nxe5 13. Qe2 bxa6 14. Qxe5 Bb7 15. Be3 Bd6 16. Qh5 Qc7 17. Rfd1 Bf4 18. Qh3 Bxe3 19. Qxe3 Rfd8 20. Ne2 Qb6 21. b3 Qxe3 22. fxe3 e5 23. c4 f5 24. h4 Kf7 25. Kf2 Ke6 26. Nc3 Bc6 27. b4 Rab8 28. a3 h6 29. Rxd8 Rxd8 30. Rd1 Rxd1 31. Nxd1 g5 32. hxg5 hxg5 33. g3 e4 34. Nc3 Ke5 35. Ne2 Bd7 36. Nc3 f4 37. gxf4+ gxf4 38. exf4+ Kd4 39. Nb1 Kxc4 40. Ke3 Kb3 41. Kxe4 Kb2 1/2-1/2

[Event "CZE-chTV 0001"]
[Site "Czech Republic"]
[Date "2000.??.??"]
[Round "2"]
[White "Jandecka, Tomas"]
[Black "Mista, Ladislav"]
[Result "1/2-1/2"]
[WhiteElo "2220"]
[BlackElo "2275"]
[PlyCount "38"]
[EventDate "2000.??.??"]
[EventType "team"]
[EventRounds "11"]
[EventCountry "CZE"]
[SourceTitle "EXT 2003"]
[Source "ChessBase"]
[SourceDate "2002.11.25"]
[SourceVersion "1"]
[SourceVersionDate "2002.11.25"]
[SourceQuality "1"]

1. e4 c5 2. Nc3 e6 3. g3 d5 4. exd5 exd5 5. d4 cxd4 6. Qxd4 Nf6 7. Bg5 Be7 8. Bg2 Nc6 9. Qd2 d4 10. Bxf6 Bxf6 11. Nd5 0-0 12. Nxf6+ Qxf6 13. Ne2 Ne5 14. 0-0 Bh3 15. Nxd4 Bxg2 16. Kxg2 Rfd8 17. c3 Nf3 18. Qe3 Nxd4 19. cxd4 Rxd4 1/2-1/2

[Event "CZE-chTV 9900"]
[Site "Czech Republic"]
[Date "2000.??.??"]
[Round "?"]
[White "Mista, Ladislav"]
[Black "Hlavacek, Robert"]
[Result "1-0"]
[WhiteElo "2295"]
[BlackElo "2155"]
[PlyCount "51"]
[EventDate "1999.??.??"]
[EventType "team"]
[EventRounds "11"]
[EventCountry "CZE"]
[SourceTitle "EXT 2002"]
[Source "ChessBase"]
[SourceDate "2001.11.25"]
[SourceVersion "1"]
[SourceVersionDate "2001.11.25"]
[SourceQuality "1"]

1. c4 Nf6 2. Nf3 e6 3. g3 d5 4. Bg2 c5 5. cxd5 exd5 6. d4 Nc6 7. Nc3 h6 8. 0-0 c4 9. Ne5 Be6 10. f4 g6 11. e3 h5 12. b3 Bb4 13. Bd2 Nxe5 14. fxe5 Ng4 15. Qe2 Rc8 16. h3 Bxc3 17. Bxc3 Nh6 18. Rac1 Nf5 19. Be1 Qg5 20. Rxf5 Qxf5 21. bxc4 dxc4 22. Bb4 Qd3 23. Qf2 Qf5 24. Qd2 c3 25. Bxc3 0-0 26. e4 1-0

[Event "CZE-chTV 9900"]
[Site "Czech Republic"]
[Date "1999.??.??"]
[Round "?"]
[White "Hosek, Milan"]
[Black "Mista, Ladislav"]
[Result "1/2-1/2"]
[WhiteElo "2260"]
[BlackElo "2295"]
[PlyCount "43"]
[EventDate "1999.??.??"]
[EventType "team"]
[EventRounds "11"]
[EventCountry "CZE"]
[SourceTitle "EXT 2002"]
[Source "ChessBase"]
[SourceDate "2001.11.25"]
[SourceVersion "1"]
[SourceVersionDate "2001.11.25"]
[SourceQuality "1"]

1. e4 c5 2. Nf3 Nc6 3. d4 cxd4 4. Nxd4 e6 5. Nc3 Qc7 6. g3 a6 7. Bg2 Nf6 8. 0-0 d6 9. Re1 Rb8 10. Nxc6 bxc6 11. Na4 Be7 12. c4 0-0 13. c5 dxc5 14. Qc2 Nd7 15. Be3 Rb4 16. a3 Rb5 17. f4 e5 18. f5 h6 19. Bf1 Rb8 20. Rab1 Qa5 21. Bd2 Qc7 22. Be3 1/2-1/2

[Event "CZE-chT2 9899"]
[Site "Czech Republic"]
[Date "1999.??.??"]
[Round "?"]
[White "Hrubant, Ivan"]
[Black "Mista, Ladislav"]
[Result "1/2-1/2"]
[WhiteElo "2165"]
[BlackElo "2280"]
[PlyCount "63"]
[EventDate "1998.??.??"]
[EventType "team"]
[EventRounds "11"]
[EventCountry "CZE"]
[SourceTitle "EXT 2000"]
[Source "ChessBase"]
[SourceDate "1999.11.16"]
[SourceVersion "1"]
[SourceVersionDate "1999.11.16"]
[SourceQuality "1"]

1. d4 g6 2. c4 Bg7 3. Nc3 d6 4. e4 e5 5. Nf3 Nd7 6. Be2 Ngf6 7. 0-0 0-0 8. Be3 Ng4 9. Bg5 f6 10. Bd2 Nh6 11. Qc2 c6 12. Rad1 Qe7 13. Bc1 f5 14. Bg5 Nf6 15. c5 exd4 16. cxd6 Qe8 17. e5 Nfg4 18. Bc4+ Kh8 19. e6 Bxe6 20. Rfe1 Ne3 21. Bxe3 dxe3 22. Rxe3 Bxc4 23. Rxe8 Rfxe8 24. Na4 Bd5 25. Nc3 Bg8 26. h4 Rad8 27. Qa4 a6 28. d7 Re7 29. Qf4 Rdxd7 30. Rxd7 Rxd7 31. Qb8 Ng4 32. Qe8 1/2-1/2

[Event "CZE-chT 9899"]
[Site "Czech Republic"]
[Date "1998.11.01"]
[Round "2"]
[White "Belaska, Premysl"]
[Black "Mista, Ladislav"]
[Result "1/2-1/2"]
[WhiteElo "2290"]
[BlackElo "2295"]
[PlyCount "86"]
[EventDate "1998.10.31"]
[EventType "team-tourn"]
[EventRounds "11"]
[EventCountry "CZE"]
[SourceTitle "EXT 2019"]
[Source "ChessBase"]
[SourceDate "2018.10.10"]
[SourceVersion "1"]
[SourceVersionDate "2018.10.10"]
[SourceQuality "1"]
[WhiteTeam "Praha Mladi"]
[BlackTeam "Vysehrad SK Sokol"]
[WhiteTeamCountry "CZE"]
[BlackTeamCountry "CZE"]

1. e4 g6 2. d4 Bg7 3. Bc4 d6 4. Nc3 Nc6 5. Nge2 Nf6 6. f3 0-0 7. Be3 a6 8. a4 Bd7 9. Qd2 Re8 10. h4 e5 11. d5 Ne7 12. Bh6 Bh8 13. g4 c6 14. dxc6 Bxc6 15. Rd1 b5 16. axb5 axb5 17. Bxb5 Bxb5 18. Nxb5 d5 19. Nbc3 d4 20. Nb5 Qb6 21. c4 dxc3 22. Nexc3 Red8 23. Qe2 Nc6 24. Bg5 Rxd1+ 25. Nxd1 Nd4 26. Nxd4 exd4 27. 0-0 Nd7 28. Nf2 Nc5 29. Kg2 Ra2 30. Rb1 Qb3 31. Qd2 d3 32. Be3 Qc2 33. Rc1 Qxd2 34. Bxd2 Bd4 35. Bc3 Be3 36. Rd1 Bxf2 37. Kxf2 Na4 38. Rxd3 Nxc3 39. Rxc3 Rxb2+ 40. Kg3 h6 41. Rc5 Kg7 42. h5 g5 43. Rf5 Re2 1/2-1/2

[Event "CZE-chT2 9899"]
[Site "Czech Republic"]
[Date "1998.??.??"]
[Round "?"]
[White "Mista, Ladislav"]
[Black "Belaska, Premysl"]
[Result "1-0"]
[WhiteElo "2280"]
[BlackElo "2290"]
[PlyCount "53"]
[EventDate "1998.??.??"]
[EventType "team"]
[EventRounds "11"]
[EventCountry "CZE"]
[SourceTitle "EXT 2000"]
[Source "ChessBase"]
[SourceDate "1999.11.16"]
[SourceVersion "1"]
[SourceVersionDate "1999.11.16"]
[SourceQuality "1"]

1. d4 Nf6 2. c4 c5 3. d5 e6 4. Nc3 exd5 5. cxd5 d6 6. Nf3 g6 7. e4 Bg7 8. Be2 0-0 9. 0-0 Na6 10. Nd2 Nc7 11. f3 a6 12. a4 Rb8 13. Nc4 b5 14. Na5 Bd7 15. axb5 axb5 16. Bf4 Nfe8 17. Qd2 f5 18. Nc6 Bxc6 19. dxc6 Qf6 20. Kh1 b4 21. Nd5 Qxb2 22. Qxb2 Bxb2 23. Nxc7 Nxc7 24. Bc4+ Kh8 25. Bxd6 Bxa1 26. Rxa1 Kg7 27. Bxc7 1-0

[Event "CZE-chT2 9899"]
[Site "Czech Republic"]
[Date "1998.??.??"]
[Round "?"]
[White "Mista, Ladislav"]
[Black "Korenek, Petr"]
[Result "1-0"]
[WhiteElo "2280"]
[BlackElo "2250"]
[PlyCount "66"]
[EventDate "1998.??.??"]
[EventType "team"]
[EventRounds "11"]
[EventCountry "CZE"]
[SourceTitle "EXT 2000"]
[Source "ChessBase"]
[SourceDate "1999.11.16"]
[SourceVersion "1"]
[SourceVersionDate "1999.11.16"]
[SourceQuality "1"]

1. d4 d5 2. c4 e6 3. Nc3 Nf6 4. Bg5 Be7 5. e3 h6 6. Bh4 0-0 7. Rc1 b6 8. Bxf6 Bxf6 9. cxd5 exd5 10. Qf3 Be6 11. Bc4 c6 12. Bb3 Nd7 13. Nge2 Re8 14. 0-0 Nf8 15. Rfd1 Ng6 16. g3 Qd7 17. e4 Bg5 18. exd5 Bxd5 19. Bxd5 cxd5 20. Rc2 Rac8 21. h4 Bf6 22. Rcd2 Rcd8 23. a4 Ne7 24. Nf4 Qf5 25. Kg2 g5 26. Nh5 Bh8 27. hxg5 hxg5 28. Re2 Qxf3+ 29. Kxf3 Nc6 30. Rxe8+ Rxe8 31. Nxd5 Rd8 32. Ndf6+ Bxf6 33. Nxf6+ Kg7 1-0

[Event "CZE-chT2 9697"]
[Site "Czech Republic"]
[Date "1997.??.??"]
[Round "?"]
[White "Mista, Ladislav"]
[Black "Jurek, Josef"]
[Result "0-1"]
[WhiteElo "2300"]
[BlackElo "2395"]
[PlyCount "62"]
[EventDate "1996.??.??"]
[EventType "team"]
[EventRounds "11"]
[EventCountry "CZE"]
[SourceTitle "EXT 1998"]
[Source "ChessBase"]
[SourceDate "1997.11.17"]
[SourceVersion "1"]
[SourceVersionDate "1997.11.17"]
[SourceQuality "1"]

1. d4 Nf6 2. Nf3 e6 3. g3 b5 4. Bg2 Bb7 5. 0-0 c5 6. c3 Na6 7. b3 Be7 8. Bb2 0-0 9. Nbd2 Rc8 10. e3 Rc7 11. Qe2 b4 12. c4 Qa8 13. Rfd1 Rd8 14. Ne1 d5 15. Rac1 Rcd7 16. cxd5 Nxd5 17. Ne4 cxd4 18. exd4 Nf6 19. f3 h6 20. Nd3 Nxe4 21. fxe4 Bf6 22. e5 Bg5 23. Bxb7 Qxb7 24. Rc4 Rc7 25. Nf4 Rcd7 26. Qg2 Qb6 27. Qe4 Nc7 28. Qc6 Qxc6 29. Rxc6 Nd5 30. Nxd5 Rxd5 31. Kf2 Rxe5 0-1

[Event "CZE-chT2 9697"]
[Site "Czech Republic"]
[Date "1997.??.??"]
[Round "?"]
[White "Mista, Ladislav"]
[Black "Nun, Jiri"]
[Result "0-1"]
[WhiteElo "2300"]
[BlackElo "2395"]
[PlyCount "36"]
[EventDate "1996.??.??"]
[EventType "team"]
[EventRounds "11"]
[EventCountry "CZE"]
[SourceTitle "EXT 1998"]
[Source "ChessBase"]
[SourceDate "1997.11.17"]
[SourceVersion "1"]
[SourceVersionDate "1997.11.17"]
[SourceQuality "1"]

1. Nf3 Nf6 2. c4 b6 3. g3 Bb7 4. d4 e6 5. Bg2 Be7 6. 0-0 d5 7. cxd5 exd5 8. Nc3 0-0 9. Bg5 Na6 10. Rc1 c5 11. dxc5 Nxc5 12. Nd4 h6 13. Bd2 Qd7 14. b4 Nce4 15. Nxe4 dxe4 16. Nb3 Rac8 17. Rxc8 Rxc8 18. Qb1 Qa4 0-1

[Event "CZE-chT2 9697"]
[Site "Czech Republic"]
[Date "1997.??.??"]
[Round "?"]
[White "Mista, Ladislav"]
[Black "Pacovsky, Jiri"]
[Result "1/2-1/2"]
[WhiteElo "2300"]
[BlackElo "2315"]
[PlyCount "33"]
[EventDate "1996.??.??"]
[EventType "team"]
[EventRounds "11"]
[EventCountry "CZE"]
[SourceTitle "EXT 1998"]
[Source "ChessBase"]
[SourceDate "1997.11.17"]
[SourceVersion "1"]
[SourceVersionDate "1997.11.17"]
[SourceQuality "1"]

1. d4 d5 2. c4 c6 3. Nf3 Nf6 4. cxd5 cxd5 5. Nc3 Nc6 6. Bf4 Bf5 7. e3 e6 8. Be2 Bb4 9. Nd2 a6 10. 0-0 0-0 11. Rc1 Rc8 12. a3 Be7 13. Na4 Nd7 14. Nb3 Ncb8 15. Qd2 b5 16. Rxc8 Qxc8 17. Rc1 1/2-1/2

[Event "CZE-chT 9596"]
[Site "Czech Republic"]
[Date "1996.01.14"]
[Round "7"]
[White "Trichkov, Vasil"]
[Black "Mista, Ladislav"]
[Result "1-0"]
[WhiteElo "2415"]
[BlackElo "2315"]
[PlyCount "81"]
[EventDate "1995.10.21"]
[EventType "team-tourn"]
[EventRounds "11"]
[EventCountry "CZE"]
[SourceTitle "EXT 2019"]
[Source "ChessBase"]
[SourceDate "2018.10.10"]
[SourceVersion "1"]
[SourceVersionDate "2018.10.10"]
[SourceQuality "1"]
[WhiteTeam "Praha Bohemians"]
[BlackTeam "Vysehrad SK Sokol"]
[WhiteTeamCountry "CZE"]
[BlackTeamCountry "CZE"]

1. e4 c5 2. Nf3 Nc6 3. d4 cxd4 4. Nxd4 Nf6 5. Nc3 d6 6. g3 e6 7. Bg2 Bd7 8. 0-0 Be7 9. Nce2 0-0 10. c4 a6 11. b3 Qc7 12. Bd2 Rad8 13. Rc1 Rfe8 14. h3 Bc8 15. Re1 Nxd4 16. Nxd4 b6 17. e5 dxe5 18. Nc6 Rd6 19. Nxe7+ Rxe7 20. Qe2 Rd8 21. Bb4 Red7 22. Qxe5 Bb7 23. Qxc7 Rxc7 24. Rcd1 Rcd7 25. Rxd7 Rxd7 26. Bxb7 Rxb7 27. Rd1 Nd7 28. Rd6 g5 29. Bd2 h6 30. Be3 Kg7 31. Kg2 Kf6 32. Rc6 a5 33. Bd4+ Kg6 34. Rc8 f6 35. Kf3 Kf7 36. h4 Kg6 37. Rc6 Kf7 38. h5 Rb8 39. Rc7 Ke8 40. g4 Kd8 41. Ra7 1-0